[Event "IX Festival Piemonte Scacchi"]
[Site "Torino ITA"]
[Date "2009.09.19"]
[Round "2"]
[White "Quirico, Paolo"]
[Black "Medaglia, Enzo"]
[Result "1-0"]
[WhiteElo "2095"]
[BlackElo "1733"]
[PlyCount "83"]
[EventDate "2009.09.18"]

1. Nf3 c5 2. c3 Nf6 3. d4 cxd4 4. cxd4 e6 5. Nc3 d6 6. e4 Be7 7. Bd3 O-O 8. O-O
Nbd7 9. e5 Ne8 10. Qe2 d5 11. Re1 a6 12. Qc2 g6 13. Bh6 Ng7 14. Qd2 Nb6 15. Bg5
Bd7 16. Bxe7 Qxe7 17. Qh6 f6 18. exf6 Rxf6 19. Re3 Nf5 20. Bxf5 gxf5 21. Qg5+
Kh8 22. Ne5 Rg8 23. Qh4 Be8 24. Rae1 f4 25. Rf3 Qg7 26. g3 Nc8 27. Rxf4 Rxf4
28. Qxf4 Rf8 29. Qe3 Nd6 30. f3 b5 31. Ne2 Nf5 32. Qf2 b4 33. Kh1 Nd6 34. Nf4
Rf6 35. Ng4 Rxf4 36. gxf4 Qf7 37. Qe3 Nf5 38. Qe5+ Kg8 39. Nf6+ Kf8 40. Nxe8
Kxe8 41. Rc1 Qh5 42. Qxe6+ 1-0

[Event "IX Festival Piemonte Scacchi"]
[Site "Torino ITA"]
[Date "2009.09.19"]
[Round "2"]
[White "Ranieri, Fabrizio"]
[Black "Martin, Tiziano"]
[Result "1/2-1/2"]
[WhiteElo "2264"]
[BlackElo "1967"]
[PlyCount "102"]
[EventDate "2009.09.18"]

1. e4 d5 2. exd5 Qxd5 3. Nf3 Nf6 4. d4 Bg4 5. Be2 c6 6. c4 Qd8 7. O-O e6 8. Qb3
Qb6 9. Qxb6 axb6 10. Bf4 Nbd7 11. a3 Ne4 12. Nbd2 Nxd2 13. Bxd2 Bd6 14. h3 Bh5
15. Rfd1 O-O 16. g4 Bg6 17. Nh4 Be4 18. f3 Bc2 19. Rdc1 Bg6 20. Nxg6 hxg6 21.
f4 Nf6 22. Bf3 Rfd8 23. Be3 Rd7 24. Rd1 b5 25. d5 exd5 26. cxd5 c5 27. Rac1 Rc8
28. Re1 Re7 29. f5 gxf5 30. gxf5 Rce8 31. Bf2 Rxe1+ 32. Rxe1 Rxe1+ 33. Bxe1 b6
34. Bc3 Ne8 35. Kf2 Bf4 36. Be2 Nd6 37. Kf3 Bh2 38. Kg4 Kf8 39. b4 f6 40. Bd2
Ke7 41. Be3 cxb4 42. axb4 Nc4 43. Bxc4 bxc4 44. Bxb6 c3 45. Be3 Kd6 46. b5 Kxd5
47. b6 c2 48. b7 Ke4 49. Bc1 Bc7 50. Bb2 Bb8 51. h4 Bc7 1/2-1/2

[Event "IX Festival Piemonte Scacchi"]
[Site "Torino ITA"]
[Date "2009.09.19"]
[Round "2"]
[White "Ravazzolo, Gildo"]
[Black "Porzio, Franco"]
[Result "0-1"]
[WhiteElo "1692"]
[BlackElo "1749"]
[PlyCount "142"]
[EventDate "2009.09.18"]

1. d4 d5 2. Bf4 Nf6 3. e3 c5 4. Nf3 Bg4 5. Be2 e6 6. Nbd2 Be7 7. h3 Bh5 8. O-O
O-O 9. c3 Nc6 10. Rc1 c4 11. b3 Ba3 12. bxc4 Bxc1 13. Qxc1 dxc4 14. Bxc4 Rc8
15. Bg5 a6 16. g4 Bg6 17. Nh4 Qa5 18. Nxg6 hxg6 19. f4 Nd5 20. Ne4 Qc7 21. f5
Na5 22. Bxd5 exd5 23. Bf4 Qc6 24. Ng5 gxf5 25. gxf5 Qf6 26. Qc2 Nc4 27. h4 Rfe8
28. Rf3 Nd6 29. Qf2 Ne4 30. Nxe4 dxe4 31. Be5 Qh6 32. Rg3 f6 33. Rg6 Qh5 34.
Bxf6 Qd1+ 35. Kh2 Rxc3 36. Rxg7+ Kf8 37. Rg8+ Kf7 38. Rg1 Rc2 39. Rxd1 Rxf2+
40. Kg3 Rxf5 41. Bg5 Rg8 42. Kg4 Rf3 43. Kh5 Ke6 44. d5+ Kf5 45. Kh6 Rg6+ 46.
Kh7 Rd6 47. Kg7 Ke5 48. Bf4+ Rxf4 49. exf4+ Kxf4 50. h5 Rd7+ 51. Kf6 e3 52. h6
e2 53. Re1 Kg3 54. Ke6 Rh7 55. d6 Rxh6+ 56. Ke7 Kf2 57. Rxe2+ Kxe2 58. d7 Rh7+
59. Kd6 Rh1 60. Kc7 Rd1 61. a4 b5 62. a5 b4 63. d8=Q Rxd8 64. Kxd8 b3 65. Kc7
b2 66. Kb7 b1=Q+ 67. Kxa6 Kd3 68. Ka7 Qg1+ 69. Kb7 Qb1+ 70. Ka7 Kc4 71. a6 Qb5
0-1

[Event "IX Festival Piemonte Scacchi"]
[Site "Torino ITA"]
[Date "2009.09.19"]
[Round "2"]
[White "Riccardi, Mauro"]
[Black "Femia, Nicola"]
[Result "1/2-1/2"]
[WhiteElo "1620"]
[BlackElo "1840"]
[PlyCount "143"]
[EventDate "2009.09.18"]

1. d4 d5 2. c4 e6 3. Nc3 Nf6 4. cxd5 exd5 5. Bg5 Be7 6. e3 O-O 7. Bd3 Nbd7 8.
Nge2 Re8 9. Qc2 Nf8 10. O-O c6 11. f3 Nh5 12. Bxe7 Qxe7 13. e4 Be6 14. e5 Qg5
15. f4 Qh6 16. f5 Bd7 17. Rf3 g6 18. Raf1 gxf5 19. Bxf5 Be6 20. Rh3 Qg5 21. Ng3
Ng7 22. Bxh7+ Nxh7 23. Qxh7+ Kf8 24. Rh6 Ke7 25. Rhf6 Rh8 26. Qd3 Qh4 27. h3
Rag8 28. Qf3 Qxd4+ 29. Rf2 Rf8 30. Qf4 Qxf4 31. R6xf4 Nh5 32. Nxh5 Rxh5 33. Ra4
a6 34. Re2 Rg8 35. Kh2 Rgg5 36. Rf4 Rxe5 37. Rxe5 Rxe5 38. g4 b5 39. a4 Kd6 40.
h4 Ke7 41. h5 Rg5 42. Kg3 f5 43. h6 fxg4 44. Kh4 Rg8 45. Kh5 Bf7+ 46. Kh4 Rg6
47. Kh5 Rg8+ 48. Kh4 Rh8 49. Rxg4 Rxh6+ 50. Kg3 Rg6 51. Rxg6 Bxg6 52. axb5 axb5
53. b4 d4 54. Nd1 Bc2 55. Nb2 d3 56. Kf2 d2 57. Ke2 d1=Q+ 58. Nxd1 Bxd1+ 59.
Kxd1 Kd6 60. Kd2 Ke5 61. Ke3 Kd5 62. Kd3 c5 63. bxc5 Kxc5 64. Kc3 b4+ 65. Kb3
Kb5 66. Kb2 Kc4 67. Kc2 b3+ 68. Kb2 Kb4 69. Kb1 Kb5 70. Kc1 Kc4 71. Kb2 Kb4 72.
Kb1 1/2-1/2

[Event "IX Festival Piemonte Scacchi"]
[Site "Torino ITA"]
[Date "2009.09.19"]
[Round "2"]
[White "Rombaldoni, Brian"]
[Black "Xia, Jie"]
[Result "0-1"]
[WhiteElo "1869"]
[BlackElo "2241"]
[PlyCount "50"]
[EventDate "2009.09.18"]

1. b3 e5 2. Bb2 Nc6 3. e3 Nf6 4. Bb5 Qe7 5. Ne2 a6 6. Bxc6 dxc6 7. O-O Bg4 8.
f3 Bd7 9. f4 exf4 10. Nxf4 O-O-O 11. Nh5 Nxh5 12. Qxh5 f5 13. Qe2 Rg8 14. Nc3
Qg5 15. Kh1 Bd6 16. Qf2 Qh6 17. g3 g5 18. Ne2 c5 19. d4 Bc6+ 20. Kg1 Rdf8 21.
dxc5 Bxc5 22. Nd4 Be4 23. Rad1 f4 24. Bc1 Qh3 25. exf4 gxf4 0-1

[Event "IX Festival Piemonte Scacchi"]
[Site "Torino ITA"]
[Date "2009.09.19"]
[Round "2"]
[White "Sorcinelli, Francesco"]
[Black "Sotgia, Cosimo"]
[Result "1/2-1/2"]
[WhiteElo "2187"]
[BlackElo "1872"]
[PlyCount "99"]
[EventDate "2009.09.18"]

1. Nf3 Nf6 2. c4 g6 3. Nc3 Bg7 4. e4 O-O 5. d4 d6 6. Be2 c5 7. d5 b5 8. cxb5 a6
9. O-O axb5 10. Bxb5 Ba6 11. Qe2 Bxb5 12. Nxb5 Nbd7 13. a4 Ng4 14. h3 Nge5 15.
Nxe5 Nxe5 16. f4 Nd7 17. Qc2 Qb6 18. Bd2 Rfc8 19. Kh2 Rcb8 20. Bc3 Nf6 21. b3
Rb7 22. Rad1 Qa6 23. e5 Ne8 24. e6 f6 25. f5 g5 26. Qe2 Nc7 27. Qh5 Nxb5 28.
axb5 Qxb5 29. h4 Qe8 30. Qxe8+ Rxe8 31. hxg5 fxg5 32. f6 Bxf6 33. Bxf6 exf6 34.
Rxf6 Rf8 35. Rdf1 Rxf6 36. Rxf6 Re7 37. Kg3 Kg7 38. Rf5 Kg6 39. Rf8 Rb7 40. Kf2
Kg7 41. Rd8 Kf6 42. Rxd6 Rxb3 43. Rd7 c4 44. Rf7+ Kg6 45. Rc7 Rd3 46. Rc5 Kf6
47. Ke2 h5 48. e7 Kxe7 49. d6+ Kxd6 50. Rxc4 1/2-1/2

[Event "IX Festival Piemonte Scacchi"]
[Site "Torino ITA"]
[Date "2009.09.19"]
[Round "3"]
[White "Araniti, Michelangelo"]
[Black "Riccardi, Mauro"]
[Result "1-0"]
[WhiteElo "1792"]
[BlackElo "1620"]
[PlyCount "125"]
[EventDate "2009.09.18"]

1. Nf3 g6 2. e4 Bg7 3. d4 d6 4. Bd3 c5 5. c3 cxd4 6. cxd4 Qb6 7. h3 Nc6 8. Nc3
e6 9. Na4 Qc7 10. Be3 Nb4 11. a3 Nxd3+ 12. Qxd3 Bd7 13. Nc3 Ne7 14. O-O O-O 15.
Rfc1 Rac8 16. Qd2 f5 17. Bh6 fxe4 18. Nxe4 Bc6 19. Bxg7 Kxg7 20. Nfg5 Qd7 21.
Ng3 h6 22. N5e4 Nd5 23. Nc3 Nf4 24. Nge2 Nxe2+ 25. Qxe2 Rf6 26. Re1 Rcf8 27. f3
Qf7 28. Ne4 Bxe4 29. Qxe4 Rf4 30. Qe3 Qf6 31. Rad1 Re8 32. Kf2 b6 33. g3 Rf5
34. Kg2 e5 35. Re2 Rf8 36. Rf2 d5 37. Rdd2 e4 38. fxe4 dxe4 39. g4 Rf3 40. Rxf3
exf3+ 41. Kg3 Qd6+ 42. Qe5+ Qf6 43. Rf2 Qxe5+ 44. dxe5 Re8 45. Kf4 g5+ 46. Ke4
Re6 47. Rxf3 Kg6 48. Kd5 Re8 49. Kd6 Rd8+ 50. Ke7 Rd2 51. b4 h5 52. e6 hxg4 53.
hxg4 Rc2 54. Ke8 Rc4 55. e7 Rxg4 56. Kf8 Re4 57. e8=Q+ Rxe8+ 58. Kxe8 g4 59.
Rf1 Kg5 60. b5 g3 61. Kd7 Kg4 62. Kc6 Kh3 63. Kb7 1-0

[Event "IX Festival Piemonte Scacchi"]
[Site "Torino ITA"]
[Date "2009.09.19"]
[Round "3"]
[White "Babilonia, Mauricio Rafael"]
[Black "Berutti, Mario"]
[Result "1-0"]
[WhiteElo "1998"]
[BlackElo "1718"]
[PlyCount "75"]
[EventDate "2009.09.18"]

1. d4 d5 2. c4 e6 3. Nc3 f5 4. Nf3 Nf6 5. Bg5 c6 6. e3 Bd6 7. Bd3 O-O 8. O-O
Qe8 9. Bxf6 Rxf6 10. cxd5 exd5 11. Ne2 Rh6 12. Nf4 Qe7 13. h4 Be6 14. Qc2 g6
15. g3 Nd7 16. Ng5 Bf7 17. a3 Nf6 18. b4 Ne4 19. Bxe4 fxe4 20. Qe2 Qd7 21. Rab1
Re8 22. b5 Be6 23. bxc6 bxc6 24. Nfxe6 Rxe6 25. Qg4 Re7 26. Qxd7 Rxd7 27. Rfc1
Bxa3 28. Rxc6 Be7 29. Rb8+ Kg7 30. Ne6+ Kf7 31. Ra8 Rh5 32. Nc5 Bxc5 33. Rxc5
Rb7 34. Ra5 Rb2 35. R8xa7+ Kg8 36. Rd7 Rf5 37. Ra8+ Rf8 38. Rxf8+ 1-0

[Event "IX Festival Piemonte Scacchi"]
[Site "Torino ITA"]
[Date "2009.09.19"]
[Round "3"]
[White "Blundo, Michele"]
[Black "Ravazzolo, Gildo"]
[Result "0-1"]
[WhiteElo "1810"]
[BlackElo "1692"]
[PlyCount "54"]
[EventDate "2009.09.18"]

1. d4 g6 2. c4 Bg7 3. Nf3 d6 4. Nc3 e6 5. e3 b6 6. Be2 Ne7 7. O-O O-O 8. Re1
Bb7 9. e4 Nd7 10. Be3 a6 11. Qd2 c5 12. Rad1 Qc7 13. dxc5 Nxc5 14. Qxd6 Qxd6
15. Rxd6 Nxe4 16. Nxe4 Bxe4 17. Rxb6 Nf5 18. Bc1 Rfb8 19. c5 Rxb6 20. cxb6 Rb8
21. Bxa6 Rxb6 22. Rxe4 Rxa6 23. a3 Rc6 24. Re1 Rc2 25. b3 Nd4 26. Rd1 Ne2+ 27.
Kf1 Nxc1 0-1

[Event "IX Festival Piemonte Scacchi"]
[Site "Torino ITA"]
[Date "2009.09.19"]
[Round "3"]
[White "Boetto, Massimo"]
[Black "Flego, Dario"]
[Result "1-0"]
[WhiteElo "2015"]
[BlackElo "1595"]
[PlyCount "39"]
[EventDate "2009.09.18"]

1. e4 d5 2. exd5 Qxd5 3. Nc3 Qa5 4. Bc4 Nf6 5. Nf3 Bg4 6. h3 Bh5 7. g4 Bg6 8.
Qe2 e6 9. d4 c6 10. Bd2 Qc7 11. O-O-O Be7 12. Ne5 Nbd7 13. h4 h6 14. Nxg6 fxg6
15. Qxe6 Rf8 16. g5 Nd5 17. Bxd5 cxd5 18. Nxd5 Qd6 19. Rhe1 Qxe6 20. Rxe6 1-0

[Event "IX Festival Piemonte Scacchi"]
[Site "Torino ITA"]
[Date "2009.09.19"]
[Round "3"]
[White "Castaldo, Folco"]
[Black "Quirico, Paolo"]
[Result "1-0"]
[WhiteElo "2401"]
[BlackElo "2095"]
[PlyCount "55"]
[EventDate "2009.09.18"]

1. e4 e6 2. f4 d5 3. e5 f6 4. Nf3 c5 5. c3 Nc6 6. Bd3 Qb6 7. Bc2 c4 8. b3 Bc5
9. Qe2 Bd7 10. Na3 cxb3 11. axb3 Nh6 12. d4 Be7 13. O-O O-O 14. Kh1 Rac8 15.
exf6 Bxf6 16. Bd2 a6 17. Ne5 Qd8 18. Qd3 g6 19. Nxg6 hxg6 20. Qxg6+ Bg7 21.
Qh7+ Kf7 22. Qg6+ Kg8 23. Qh7+ Kf7 24. Bg6+ Kf6 25. Be1 Nf5 26. Bxf5 exf5 27.
Bh4+ Kf7 28. Qh5+ 1-0

[Event "IX Festival Piemonte Scacchi"]
[Site "Torino ITA"]
[Date "2009.09.19"]
[Round "3"]
[White "Chiarion, Elisa"]
[Black "Di Chiara, Mauro"]
[Result "1-0"]
[WhiteElo "1928"]
[BlackElo "1862"]
[PlyCount "95"]
[EventDate "2009.09.18"]

1. b4 d6 2. Bb2 e5 3. e3 Nf6 4. c4 g6 5. a3 Bg7 6. Nf3 O-O 7. Be2 Nc6 8. O-O a5
9. b5 Ne7 10. Nc3 b6 11. d4 exd4 12. Nxd4 Bb7 13. h4 h5 14. Qc2 Nd7 15. Ne4 Ne5
16. Ng5 Bc8 17. Bxh5 Nf5 18. Nxf5 Bxf5 19. e4 Be6 20. Be2 Qf6 21. Rab1 Qe7 22.
f4 Ng4 23. Bxg7 Kxg7 24. f5 Bxf5 25. exf5 Qe3+ 26. Kh1 Nf2+ 27. Kh2 Rae8 28.
Bf3 Nd3 29. Qc3+ Re5 30. fxg6 Rh8 31. g3 Qxg5 32. Qxd3 Rxh4+ 33. Kg2 fxg6 34.
Rbe1 Rh8 35. Bd5 Rxe1 36. Rxe1 Qf6 37. Qf3 Qxf3+ 38. Kxf3 Rh2 39. Re2 Rh1 40.
Re7+ Kf6 41. Rxc7 Ra1 42. Rc6 Rxa3+ 43. Kg4 Ke5 44. Rxb6 a4 45. Ra6 Ra1 46. b6
a3 47. b7 Rb1 48. Rxa3 1-0

[Event "IX Festival Piemonte Scacchi"]
[Site "Torino ITA"]
[Date "2009.09.19"]
[Round "3"]
[White "Davter, Mauro"]
[Black "Loccisano, Giuseppe"]
[Result "1-0"]
[WhiteElo "1611"]
[BlackElo "1803"]
[PlyCount "63"]
[EventDate "2009.09.18"]

1. Nf3 Nf6 2. c4 g6 3. Nc3 d5 4. cxd5 Nxd5 5. Qa4+ c6 6. Qd4 f6 7. e4 Nxc3 8.
Qxd8+ Kxd8 9. dxc3 e5 10. Be3 Be6 11. O-O-O+ Kc7 12. Kb1 Nd7 13. Be2 Bc5 14.
Rxd7+ Bxd7 15. Bxc5 f5 16. Rd1 Rhe8 17. Nxe5 Be6 18. Bd6+ Kb6 19. exf5 Bxf5+
20. Kc1 a5 21. Nc4+ Ka7 22. Bc5+ Kb8 23. Bb6 Be6 24. Rd8+ Rxd8 25. Bxd8 b5 26.
Nxa5 Kc8 27. Nxc6 b4 28. Ba5 bxc3 29. Bxc3 Rxa2 30. Kd2 Kc7 31. Nd4 Bd7 32. f4
1-0

[Event "IX Festival Piemonte Scacchi"]
[Site "Torino ITA"]
[Date "2009.09.19"]
[Round "3"]
[White "Femia, Nicola"]
[Black "Ghisio, Paolo"]
[Result "1-0"]
[WhiteElo "1840"]
[BlackElo "1288"]
[PlyCount "119"]
[EventDate "2009.09.18"]

1. d4 d6 2. c4 e5 3. d5 Nf6 4. Nc3 c6 5. e4 Be7 6. Nf3 O-O 7. Be2 Nbd7 8. O-O
Nc5 9. Qc2 a6 10. Bg5 Bg4 11. Bxf6 Bxf6 12. b4 Nd7 13. Rad1 Be7 14. h3 Bxf3 15.
Bxf3 Qb6 16. a3 Rac8 17. Bg4 Rc7 18. c5 dxc5 19. d6 Bxd6 20. Rxd6 Nf6 21. Na4
Qa7 22. Nxc5 b6 23. Nb3 c5 24. Rc1 Ne8 25. Qd2 Nxd6 26. Qxd6 Qb8 27. Qxe5 Re8
28. Qf4 Qa7 29. Bf3 Rec8 30. Bg4 Rd8 31. Qg5 f6 32. Be6+ Kh8 33. Qf4 Rd3 34. e5
Rc6 35. Bc4 Rd8 36. Qe4 Rcc8 37. Bd3 g6 38. exf6 Qf7 39. Bc4 Qxf6 40. bxc5 bxc5
41. Qe3 Re8 42. Qc3 Qxc3 43. Rxc3 Re5 44. a4 a5 45. Nxa5 Ra8 46. Nb7 Rxa4 47.
Bb3 Ra1+ 48. Kh2 Rb1 49. Nd6 Kg7 50. Rf3 Re7 51. Rg3 Rb2 52. Nf5+ Kf6 53. Nxe7
Kxe7 54. Re3+ Kf6 55. Kg3 Kf5 56. f4 h6 57. Kf3 Kf6 58. g4 Rb1 59. Re6+ Kf7 60.
Rxg6+ 1-0

[Event "IX Festival Piemonte Scacchi"]
[Site "Torino ITA"]
[Date "2009.09.19"]
[Round "3"]
[White "Finocchiaro, Gianluca"]
[Black "Cocuzzi, Edoardo"]
[Result "0-1"]
[WhiteElo "2088"]
[BlackElo "1967"]
[PlyCount "94"]
[EventDate "2009.09.18"]

1. e4 e5 2. Nf3 Nc6 3. d4 exd4 4. Nxd4 Qf6 5. Be3 Bc5 6. Nb5 Bxe3 7. fxe3 Qh4+
8. g3 Qxe4 9. Nxc7+ Kd8 10. Nxa8 Qxh1 11. Qd6 Nge7 12. Nd2 Ke8 13. O-O-O Qxh2
14. Qc7 Kf8 15. Ne4 g6 16. Qf4 Nf5 17. Bc4 h6 18. Qf3 Ne5 19. Qf1 Nxe3 20. Qe2
Qxe2 21. Bxe2 Nxd1 22. Bxd1 d5 23. Nf6 Be6 24. Nc7 d4 25. Nb5 d3 26. c3 a6 27.
Nd4 Ke7 28. Ne4 Nc6 29. Nxc6+ bxc6 30. Nc5 Rd8 31. Nxa6 d2+ 32. Kc2 Bf5+ 33.
Kb3 h5 34. Nb4 Rb8 35. Kc4 Rxb4+ 36. Kxb4 Bg4 37. Bc2 d1=Q 38. Bxd1 Bxd1 39. a4
Kd6 40. a5 Be2 41. c4 c5+ 42. Kb5 g5 43. a6 h4 44. gxh4 gxh4 45. a7 Bf3 46. b4
cxb4 47. c5+ Kd7 0-1

[Event "IX Festival Piemonte Scacchi"]
[Site "Torino ITA"]
[Date "2009.09.19"]
[Round "3"]
[White "Grattarola, Fabio"]
[Black "Fassio, Francesco"]
[Result "1-0"]
[WhiteElo "2081"]
[BlackElo "1624"]
[PlyCount "87"]
[EventDate "2009.09.18"]

1. d4 d5 2. Nf3 Nf6 3. Bf4 c6 4. Nbd2 Bf5 5. e3 e6 6. Nh4 Bg6 7. Nxg6 hxg6 8.
h3 Bd6 9. Bxd6 Qxd6 10. c4 Nbd7 11. Be2 Ne4 12. Nxe4 dxe4 13. Qb3 Qc7 14. O-O
g5 15. Rfd1 Nf6 16. Kf1 Rh6 17. Ke1 Qb6 18. Qxb6 axb6 19. a3 Rd8 20. b4 Ke7 21.
a4 Ne8 22. a5 bxa5 23. Rxa5 f5 24. b5 Nf6 25. bxc6 bxc6 26. Ra7+ Rd7 27. Ra6
Rc7 28. Rda1 Rh8 29. Kd2 Rd8 30. Kc3 Nd7 31. f3 e5 32. fxe4 fxe4 33. Bg4 exd4+
34. exd4 g6 35. Ra7 Rxa7 36. Rxa7 Ke8 37. Rxd7 Rxd7 38. Bxd7+ Kxd7 39. Kd2 Ke6
40. Ke3 c5 41. Kxe4 cxd4 42. Kxd4 Kd6 43. g4 Ke6 44. c5 1-0

[Event "IX Festival Piemonte Scacchi"]
[Site "Torino ITA"]
[Date "2009.09.19"]
[Round "3"]
[White "Gussone, Claudio"]
[Black "De Renzi, Giuseppe"]
[Result "1-0"]
[WhiteElo "1809"]
[BlackElo "1491"]
[PlyCount "65"]
[EventDate "2009.09.18"]

1. Nf3 Nf6 2. g3 g6 3. Bg2 Bg7 4. O-O O-O 5. c4 d6 6. d4 c5 7. Nc3 a6 8. dxc5
dxc5 9. Be3 Qc7 10. Bf4 Qa5 11. Qc2 Nc6 12. Nd5 Nxd5 13. cxd5 Nb4 14. Qd2 Qd8
15. e4 a5 16. a3 Na6 17. Rfe1 b5 18. Ne5 Bxe5 19. Bxe5 c4 20. Bd4 Rb8 21. e5 b4
22. Rad1 Nc7 23. d6 Nb5 24. Bc5 exd6 25. exd6 Bd7 26. axb4 axb4 27. Bxb4 Qf6
28. Re7 Be6 29. d7 Rfd8 30. Bc6 Na7 31. Re8+ Rxe8 32. dxe8=Q+ Rxe8 33. Bxe8 1-0

[Event "IX Festival Piemonte Scacchi"]
[Site "Torino ITA"]
[Date "2009.09.19"]
[Round "3"]
[White "Iacomussi, Mario"]
[Black "Pettorusso, Aldo"]
[Result "1/2-1/2"]
[WhiteElo "1772"]
[BlackElo "1625"]
[PlyCount "63"]
[EventDate "2009.09.18"]

1. d4 d5 2. Nf3 e6 3. c4 Nf6 4. Nc3 c5 5. Bg5 Be7 6. e3 Nc6 7. cxd5 exd5 8. Rc1
Be6 9. Bb5 O-O 10. Bxc6 bxc6 11. Ne5 Qb6 12. O-O c4 13. Na4 Qc7 14. f4 c5 15.
f5 Bc8 16. Nc3 Bb7 17. Bf4 Qd8 18. Nb1 cxd4 19. exd4 Ne4 20. Nd2 Rc8 21. Nxe4
dxe4 22. Nxc4 Rxc4 23. Rxc4 Ba6 24. b3 Bf6 25. Bc7 Qd5 26. Be5 Bxe5 27. dxe5
Bxc4 28. bxc4 Qxc4 29. f6 Qc5+ 30. Kh1 Qxe5 31. fxg7 Re8 32. Qd7 1/2-1/2

[Event "IX Festival Piemonte Scacchi"]
[Site "Torino ITA"]
[Date "2009.09.19"]
[Round "3"]
[White "Manni, Stefano"]
[Black "Giacone, Maurizio"]
[Result "1/2-1/2"]
[WhiteElo "1980"]
[BlackElo "1653"]
[PlyCount "44"]
[EventDate "2009.09.18"]

1. e4 d5 2. exd5 Qxd5 3. Nc3 Qa5 4. d4 c6 5. h3 Bf5 6. Nf3 e6 7. Bd2 Qc7 8. Bc4
Nd7 9. Nh4 Bg6 10. Nxg6 hxg6 11. Bb3 Ngf6 12. Qf3 Bd6 13. g4 Nb6 14. O-O-O
O-O-O 15. Bg5 Be7 16. Bf4 Bd6 17. Bxd6 Rxd6 18. g5 Nh5 19. Rhe1 Rhd8 20. Re4
Qd7 21. Rde1 Kb8 22. Ne2 Qc7 1/2-1/2

[Event "IX Festival Piemonte Scacchi"]
[Site "Torino ITA"]
[Date "2009.09.19"]
[Round "3"]
[White "Martin, Tiziano"]
[Black "Sorcinelli, Francesco"]
[Result "1-0"]
[WhiteElo "1967"]
[BlackElo "2187"]
[PlyCount "91"]
[EventDate "2009.09.18"]

1. d4 f5 2. Nf3 Nf6 3. Bg5 d5 4. e3 e6 5. Be2 Nbd7 6. h3 c6 7. c4 Qa5+ 8. Kf1
Bd6 9. c5 Bb8 10. a3 O-O 11. b4 Qd8 12. Bf4 Qe7 13. Bxb8 Rxb8 14. Nbd2 Ne4 15.
Qc2 Qf6 16. Ke1 e5 17. dxe5 Nxe5 18. Rc1 Bd7 19. Nxe5 Qxe5 20. f4 Qe7 21. Nxe4
fxe4 22. Qc3 Qh4+ 23. Kd2 d4 24. Qxd4 Rbd8 25. Kc3 Qg3 26. Bc4+ Kh8 27. Qd2 Bf5
28. Qe1 Qxg2 29. Rc2 Qg6 30. Kb2 Be6 31. Be2 Rd7 32. Rd2 Qf6+ 33. Kc2 Rfd8 34.
Rxd7 Rxd7 35. Qc3 Qf7 36. h4 h5 37. Rg1 Bg4 38. Bc4 Qe7 39. f5 Qxh4 40. Rf1 Qf6
41. Qxf6 gxf6 42. Rf4 Bf3 43. Be6 Rd3 44. Rxf3 exf3 45. Kxd3 h4 46. Ke4 1-0

[Event "IX Festival Piemonte Scacchi"]
[Site "Torino ITA"]
[Date "2009.09.19"]
[Round "3"]
[White "Medaglia, Enzo"]
[Black "Rombaldoni, Brian"]
[Result "1/2-1/2"]
[WhiteElo "1733"]
[BlackElo "1869"]
[PlyCount "82"]
[EventDate "2009.09.18"]

1. e4 c6 2. d4 d5 3. Bd3 dxe4 4. Bxe4 Nf6 5. Bf3 Bf5 6. Nc3 e6 7. Nge2 Bd6 8.
O-O Ng4 9. Bf4 Bxf4 10. Nxf4 Qh4 11. h3 Ne5 12. dxe5 Qxf4 13. Qd6 Nd7 14. Rad1
Nxe5 15. Kh1 Bxc2 16. Rd4 Qf6 17. Be4 Bxe4 18. Nxe4 Qf5 19. Qb4 a5 20. Qa3 Qh5
21. Rfd1 Nc4 22. Nd6+ Nxd6 23. Qxd6 Qg5 24. Qd7+ Kf8 25. Qxb7 Re8 26. Qxc6 g6
27. Qc3 Qf6 28. f3 Kg7 29. a4 Rb8 30. g4 Rhc8 31. Qe3 Kg8 32. b3 Qh4 33. f4 Rc2
34. f5 exf5 35. gxf5 Qf2 36. Qxf2 Rxf2 37. fxg6 hxg6 38. Rd8+ Rxd8 39. Rxd8+
Kg7 40. Rd5 Rf3 41. Kg2 Rxb3 1/2-1/2

[Event "IX Festival Piemonte Scacchi"]
[Site "Torino ITA"]
[Date "2009.09.19"]
[Round "3"]
[White "Moncelli, Giorgio"]
[Black "Ranieri, Fabrizio"]
[Result "1/2-1/2"]
[WhiteElo "2071"]
[BlackElo "2264"]
[PlyCount "76"]
[EventDate "2009.09.18"]

1. d4 e6 2. c4 d5 3. Nc3 c6 4. Nf3 Nf6 5. cxd5 exd5 6. Bg5 Nbd7 7. e3 Be7 8.
Bd3 Nh5 9. Bxe7 Qxe7 10. O-O g6 11. Rb1 O-O 12. b4 a6 13. a4 Ndf6 14. Qc2 Ng7
15. b5 axb5 16. axb5 c5 17. dxc5 Qxc5 18. Nd4 Bd7 19. Rfc1 Rfc8 20. Qd2 Qd6 21.
Ra1 Rxa1 22. Rxa1 Ne6 23. Nxe6 fxe6 24. Rd1 Ng4 25. g3 Ne5 26. Be2 Qb4 27. Nxd5
Qxd2 28. Nf6+ Kf7 29. Rxd2 Bxb5 30. f4 Bxe2 31. fxe5 Rc1+ 32. Kf2 Bb5 33. Nxh7
Rf1+ 34. Kg2 Rf5 35. Rf2 Bc6+ 36. Kg1 Ke7 37. Rxf5 exf5 38. Ng5 b5 1/2-1/2

[Event "IX Festival Piemonte Scacchi"]
[Site "Torino ITA"]
[Date "2009.09.19"]
[Round "3"]
[White "Nigrelli, Vittorio"]
[Black "D'Amato, Piergiorgio"]
[Result "1/2-1/2"]
[WhiteElo "1473"]
[BlackElo "1924"]
[PlyCount "61"]
[EventDate "2009.09.18"]

1. d4 Nf6 2. c4 g6 3. Nc3 d5 4. cxd5 Nxd5 5. e4 Nxc3 6. bxc3 Bg7 7. Bc4 O-O 8.
Ne2 c5 9. Be3 Nc6 10. Rc1 Qa5 11. Kf1 b5 12. Bd5 Bb7 13. h4 e6 14. Bxc6 Bxc6
15. Ng3 Qc7 16. h5 Rad8 17. hxg6 fxg6 18. Qg4 Qf7 19. Rc2 cxd4 20. cxd4 Bxd4
21. Bxd4 Rxd4 22. Ke1 Rc4 23. Qe2 Qf6 24. f3 Qd4 25. Rxc4 bxc4 26. Qd2 Qe5 27.
Ne2 Rb8 28. Kf2 Rb2 29. Qd8+ Kg7 30. Qe7+ Kg8 31. Qd8+ 1/2-1/2

[Event "IX Festival Piemonte Scacchi"]
[Site "Torino ITA"]
[Date "2009.09.19"]
[Round "3"]
[White "Porzio, Franco"]
[Black "Malano, Francesco"]
[Result "0-1"]
[WhiteElo "1749"]
[BlackElo "1894"]
[PlyCount "96"]
[EventDate "2009.09.18"]

1. e4 c5 2. c3 g6 3. Nf3 Bg7 4. d4 cxd4 5. cxd4 d5 6. Bb5+ Nd7 7. e5 a6 8. Ba4
b5 9. Bb3 Nb6 10. Nc3 Bg4 11. Qe2 e6 12. Bd2 Ne7 13. O-O O-O 14. Rac1 Nc4 15.
Bxc4 dxc4 16. Be3 Nf5 17. h3 Bxf3 18. Qxf3 Nxd4 19. Qe4 Nf5 20. Rfd1 Qc7 21. f4
Rfd8 22. Rxd8+ Rxd8 23. Rd1 Rxd1+ 24. Nxd1 Bf8 25. Bf2 Kg7 26. g4 Ne7 27. Ne3
Qc6 28. Qg2 Qxg2+ 29. Kxg2 Nc6 30. Kf3 Nb4 31. a3 Nd3 32. Nd1 Nxf2 33. Kxf2
Bc5+ 34. Kf3 Kf8 35. Nc3 Ke7 36. Ne4 Bd4 37. Nc3 Bxc3 38. bxc3 Kd7 39. Ke4 Kc6
40. Kd4 h6 41. h4 Kb6 42. Ke4 Kc5 43. h5 gxh5 44. gxh5 a5 45. f5 b4 46. fxe6
fxe6 47. axb4+ axb4 48. cxb4+ Kxb4 0-1

[Event "IX Festival Piemonte Scacchi"]
[Site "Torino ITA"]
[Date "2009.09.19"]
[Round "3"]
[White "Ravazzolo, Gaia"]
[Black "Giacomasso, Enrico"]
[Result "0-1"]
[WhiteElo "1675"]
[BlackElo "2012"]
[PlyCount "88"]
[EventDate "2009.09.18"]

1. d4 Nf6 2. c4 e6 3. Nf3 b6 4. g3 Bb7 5. Bg2 Be7 6. O-O O-O 7. Nc3 d6 8. Qc2
Nbd7 9. e4 e5 10. d5 a5 11. Re1 Nc5 12. Nh4 Bc8 13. f4 exf4 14. Bxf4 Nh5 15.
Nf3 Nxf4 16. gxf4 Bg4 17. Nd4 Bh4 18. Re3 Qf6 19. Nde2 Rae8 20. Rf1 Qg6 21. Ng3
Bf6 22. Qd2 Qh6 23. Nb5 Re7 24. Nd4 g6 25. Nc6 Ree8 26. Nd4 Qg7 27. Nb5 Re7 28.
b3 Bc8 29. Rd1 Rfe8 30. Nc3 Bg4 31. Nce2 h5 32. h3 Bxe2 33. Nxe2 Nxe4 34. Bxe4
Rxe4 35. Rxe4 Rxe4 36. Qd3 Re7 37. Ng3 Bh4 38. Ne4 Qb2 39. Rd2 Qc1+ 40. Kg2
Rxe4 41. Rd1 Qxf4 42. Rf1 Qg5+ 43. Kh2 Re3 44. Qc2 Rxh3+ 0-1

[Event "IX Festival Piemonte Scacchi"]
[Site "Torino ITA"]
[Date "2009.09.19"]
[Round "3"]
[White "Sotgia, Cosimo"]
[Black "Egli, Urs"]
[Result "0-1"]
[WhiteElo "1872"]
[BlackElo "2045"]
[PlyCount "74"]
[EventDate "2009.09.18"]

1. e4 e5 2. Nf3 Nc6 3. d4 exd4 4. Bc4 Nf6 5. O-O Bc5 6. e5 d5 7. exf6 dxc4 8.
Re1+ Be6 9. Ng5 Qd5 10. Nc3 Qf5 11. Nce4 O-O-O 12. g4 Qe5 13. Nxe6 fxe6 14.
fxg7 Rhg8 15. Bh6 d3 16. c3 Bb6 17. g5 Qf5 18. Kg2 Ne5 19. f3 Ng6 20. Nf6 Nf4+
21. Kg3 e5 22. Ng4 Rd5 23. Re4 Rc5 24. b4 cxb3 25. Qxb3 Rd5 26. Rxe5 Ne2+ 27.
Rxe2 dxe2 28. Nf6 Qe5+ 29. Kg4 Qe6+ 30. Kf4 Rf5+ 31. Kg4 Rxf6+ 32. Qxe6+ Rxe6
33. Re1 Bf2 34. Kf5 Bxe1 35. Kxe6 Bxc3 36. Kf7 Rxg7+ 37. Bxg7 Bxg7 0-1